| 000 | 01043nam a2200229Ia 4500 | ||
|---|---|---|---|
| 999 |
_c56331 _d56331 |
||
| 001 | 23444 | ||
| 003 | GE_BSU | ||
| 005 | 20260120182659.0 | ||
| 008 | 181216s1962||||ge |||||||||||||| ||geo|| | ||
| 040 | _cGE_BSU | ||
| 041 | _ageo | ||
| 080 | _a726(479.223) + 904(479.223) ს-56 | ||
| 100 |
_aსიხარულიძე, ი. _926702 |
||
| 245 |
_aაჭარის მატერიალური კულტურის ძეგლები / _cი. სიხრულიძე ; რედ.: დ. ხახუტაიშვილი ; მხატვ.: ა. ფოჩხუა. |
||
| 264 |
_aბათუმი : _bსახელგამი, _c1962. |
||
| 300 |
_a67გვ : _b12ფ. ილ. ; _c22 სმ. |
||
| 541 | _h0,72 | ||
| 653 | _aაჭარის მატერიალური კულტურის ძეგლები | ||
| 700 |
_aხახუტაიშვილი, დ. _eრედაქტორი _93863 |
||
| 700 |
_aფოჩხუა, ა. _eმხატვარი _91958 |
||
| 942 |
_cBK _2udc |
||